MESTSKÁ KNIŽNICA GIRALTOVCE  - online katalóg 

Lekcie z nenávisti (Record no. 23411)

000 -NÁVESTIE
fixed length control field 01183nim a2200361 a 4500
001 - EVIDENČNÉ ČÍSLO ZÁZNAMU - Kontrolné číslo
control field vtls000530229
005 - DÁTUM A ČAS POSLEDNEJ TRANSAKCIE
control field 20221010082818.0
007 - POLE PEVNEJ DĹŽKY PRE FYZICKÝ POPIS – VŠEOBECNE
fixed length control field sd fsngnnmmnud
008 - ÚDAJE S PEVNOU DĹŽKOU – VŠEOBECNÉ INFORMÁCIE
fixed length control field 160422s2015 xo nnnnf f n slo c
020 ## - MEDZINÁRODNÉ ŠTANDARDNÉ ČÍSLO KNIHY (ISBN)
Medzinárodné štandardné číslo knihy (ISBN) 9788018031209
035 ## - Iný štandardný identifikátor
Iný štandardný identifikátor a000530229
040 ## - ZDROJ KATALOGIZÁCIE
Pôvodná katalogizujúca agentúra LESKN
Jazyk katalogizácie slo
Prepisujúca agentúra UKB
Konvencie popisu AACR2
041 0# - KÓD JAZYKA
Kód jazyka textu/zvukovej stopy alebo samostatných nápisov slo
044 ## - KÓD KRAJINY VYDAVATEĽA/PRODUCENTA
Kód krajiny MARC xo
Kód krajiny ISO SK
072 #7 - KÓD PREDMETOVEJ KATEGÓRIE
Kód predmetovej kategórie 821.162.4-3
Pododdiel kódu predmetovej kategórie Slovenská próza
Zdroj konspekt
080 ## - ČÍSLO MEDZINÁRODNÉHO DESATINNÉHO TRIEDENIA (MDT)
Číslo Medzinárodného desatinného triedenia (MDT) 821.162.4-31
Identifikátor vydania 2004
080 ## - ČÍSLO MEDZINÁRODNÉHO DESATINNÉHO TRIEDENIA (MDT)
Číslo Medzinárodného desatinného triedenia (MDT) (086.76)
Identifikátor vydania 2004
080 ## - ČÍSLO MEDZINÁRODNÉHO DESATINNÉHO TRIEDENIA (MDT)
Číslo Medzinárodného desatinného triedenia (MDT) (0:82-312.5)
Identifikátor vydania 2004
080 ## - ČÍSLO MEDZINÁRODNÉHO DESATINNÉHO TRIEDENIA (MDT)
Číslo Medzinárodného desatinného triedenia (MDT) (0:82-993)
Identifikátor vydania 2004
100 1# - OSOBNÉ MENÁ – VŠEOBECNÉ INFORMÁCIE
Osobné meno Monošová, Martina,
Dátumy súvisiace s menom 1972-
-- 3631
245 10 - NÁZOV
Názov Lekcie z nenávisti
Médium elektronický zdroj
Údaj o zodpovednosti atď. Martina Monošová ; číta: Beáta Drotárová
260 ## - VYDAVATEĽSKÉ ÚDAJE, DISTRIBÚCIA ATĎ.
Miesto publikovania, distribúcie atď. Levoča
Názov vydavateľa, distibútora atď. Slovenská knižnica pre nevidiacich Mateja Hrebendu
Dátum publikovania, distribúcie atď. 2015
300 ## - FYZICKÝ POPIS
Rozsah 1 elektronický optický disk (CD-ROM)
Ďalšie fyzické detaily digitálny, mono
Rozmery 12cm
653 ## - INDEXAČNÝ TERMÍN – VOĽNÉ INDEXOVANIE
Neriadený termín 821.162.4-31
653 ## - INDEXAČNÝ TERMÍN – VOĽNÉ INDEXOVANIE
Neriadený termín (0:82-312.5)
653 ## - INDEXAČNÝ TERMÍN – VOĽNÉ INDEXOVANIE
Neriadený termín (0:82-993)
653 ## - INDEXAČNÝ TERMÍN – VOĽNÉ INDEXOVANIE
Neriadený termín (086.76)
655 #7 - INDEXAČNÝ TERMÍN – ŽÁNER/FORMA
Údaje o žánri/forme alebo termín, ktorý je prvok fazety zvukové dokumenty
Zdroj termínu UKBPH
-- 3634
655 #7 - INDEXAČNÝ TERMÍN – ŽÁNER/FORMA
Údaje o žánri/forme alebo termín, ktorý je prvok fazety slovenské romány
Zdroj termínu UKBPH
-- 1694
655 #7 - INDEXAČNÝ TERMÍN – ŽÁNER/FORMA
Údaje o žánri/forme alebo termín, ktorý je prvok fazety ľúbostné romány
Zdroj termínu UKBPH
-- 13
655 #7 - INDEXAČNÝ TERMÍN – ŽÁNER/FORMA
Údaje o žánri/forme alebo termín, ktorý je prvok fazety erotické romány
Zdroj termínu UKBPH
-- 4
700 1# - PRIDANÝ VSTUP – OSOBNÉ MENO
Osobné meno Drotárová, Beáta
Kód roly nrt
-- 3635
Holdings
Stav stiahnutia (Blokovanie) (Withrawn status) Stav straty Zdroj klasifikácie pre skladovanie Stav poškodenia (Damaged status) Nie pre výpožičky (Not for loan) Spôsob nadobudnutia (Collection code) Trvalé umiestnenie Aktuálne umiestnenie Dátum nadobudnutia Náklady, bežná kúpna cena Inventárne číslo (prírastkové číslo) Celkom výpožičky Celkom prolongácie (predĺženia) Full call number Čiarový kód Dátum posledného výskytu Dátum poslednej výpôžičky Cena s účinnosťou od Typ jednotky Koha
          Kúpa Mestská knižnica Giraltovce Mestská knižnica Giraltovce 2022-10-10 7.00 21744 9 1 B10552 B10552 2024-10-28 2024-10-07 2022-10-10 Krásna literatúra pre dospelých

Powered by Koha